Vista normal
Vista MARC
Entrada Topical Term
Número de registros utilizados en: 1
001 - CONTROL NUMBER
- control field: 37928
003 - CONTROL NUMBER IDENTIFIER
- control field: OSt
005 - DATE AND TIME OF LATEST TRANSACTION
- control field: 20210526141030.0
008 - FIXED-LENGTH DATA ELEMENTS
- fixed length control field: 210526|| aca||aabn | a|a d
040 ## - CATALOGING SOURCE
- Original cataloging agency: OSt
- Transcribing agency: OSt
150 ## - HEADING--TOPICAL TERM
- Topical term or geographic name entry element: Labor policy
- Geographic subdivision: South America
- General subdivision: Case studies
670 ## - SOURCE DATA FOUND
- Source citation: Work cat.: (OSt)11806: Márquez, Gustavo, autor 37926, Reforming the labor market in a liberalized economy /, 1995.